| 000 | 02329cam a22003494a 4500 | ||
|---|---|---|---|
| 999 |
_c128037 _d128037 |
||
| 001 | 14077340 | ||
| 003 | ARRUPE | ||
| 005 | 20180822110244.0 | ||
| 008 | 050817s2006 nyu b s001 0 eng | ||
| 010 | _a 2005023943 | ||
| 015 |
_aGBA636602 _2bnb |
||
| 016 | 7 |
_a013437487 _2Uk |
|
| 020 | _a0791467996 (hardcover : alk. paper) | ||
| 020 | _a0791468003 (pbk. : alk. paper) | ||
| 020 | _a9780791467992 | ||
| 020 | _a9780791468005 | ||
| 035 | _a(OCoLC)ocm61295941 | ||
| 040 |
_aDLC _cDLC _dDLC |
||
| 042 | _apcc | ||
| 050 | 0 | 0 |
_aB741 _b.N384 2006 |
| 082 | 0 | 0 |
_a181/.07 _222 |
| 100 | 1 |
_aNasr, Seyyed Hossein. _941811 |
|
| 245 | 1 | 0 |
_aIslamic philosophy from its origin to the present : _bphilosophy in the land of prophecy / _cSeyyed Hossein Nasr. |
| 260 |
_aAlbany : _bState University of New York Press, _cc2006. |
||
| 300 |
_aix, 380 p. ; _c24 cm. |
||
| 440 | 0 |
_aSUNY series in Islam _941812 |
|
| 504 | _aIncludes bibliographical references (p. 281-342) and index. | ||
| 505 | 0 | _aThe study of Islamic philosophy in the West in recent times : an overview -- The meaning and role of philosophy in Islam -- Al-Ḥikmat al-Ilāhiyyah and kalām -- The question of existence and quiddity and ontology in Islamic philosophy-- Post-Avicennan Islamic philosophy and the study of being -- Epistemological questions : relations among intellect, reason, and intuition within diverse Islamic intellectual perspectives -- A framework for the study of the history of Islamic philosophy -- Dimensions of the Islamic intellectual tradition : kalām, philosophy and spirituality -- The poet-scientist ʻUmar Khayyām as philosopher -- Philosophy in Azarbaijan and the School of Shiraz -- The School of Isfahan revisited -- Mullā Ṣadrā and the full flowering of prophetic philosophy -- From the School of Isfahan to the School of Tehran -- Reflections on Islam and modern thought -- Philosophy in the land of prophecy yesterday and today. | |
| 650 | 0 |
_aIslamic philosophy. _929734 |
|
| 856 | 4 | 1 |
_3Table of contents _uhttp://www.loc.gov/catdir/toc/ecip0517/2005023943.html |
| 906 |
_a7 _bcbc _corignew _d1 _eecip _f20 _gy-gencatlg |
||
| 942 |
_2lcc _cMONOGRAPH |
||